When the answer is 'no' (Record no. 71128)

MARC details
000 -LEADER
fixed length control field 00943cam a2200229 4500
001 - CONTROL NUMBER
control field ABS65863
008 - FIXED-LENGTH DATA ELEMENTS--GENERAL INFORMATION
fixed length control field 020910n2002 000 0 eng u
035 ## - SYSTEM CONTROL NUMBER
System control number (Sirsi) u119654
100 ## - MAIN ENTRY--PERSONAL NAME
Personal name Schopen, F.
245 ## - TITLE STATEMENT
Title When the answer is 'no'
260 ## - PUBLICATION, DISTRIBUTION, ETC.
Date of publication, distribution, etc. 2002
490 ## - SERIES STATEMENT
Series statement Regeneration and Renewal
Volume/sequential designation 30 August 2002, 17(1)
520 ## - SUMMARY, ETC.
Summary, etc. Examines the activities of councils whose tenants have voted against stock transfers. These include places such as Aylesbury Estate in south London and 94 000 tenants from Birmingham City Council. Reports that councils in these areas have had to alter their priorities; Birmingham has now put in a new draft housing strategy and set up a new independent housing commission.
590 ## - LOCAL NOTE (RLIN)
Local note ABS
650 ## - SUBJECT ADDED ENTRY--TOPICAL TERM
Topical term or geographic name entry element STOCK TRANSFER
650 ## - SUBJECT ADDED ENTRY--TOPICAL TERM
Topical term or geographic name entry element NEW DEAL FOR COMMUNITIES
650 ## - SUBJECT ADDED ENTRY--TOPICAL TERM
Topical term or geographic name entry element BIRMINGHAM CITY COUNCIL
650 ## - SUBJECT ADDED ENTRY--TOPICAL TERM
Topical term or geographic name entry element CAMBRIDGE
650 ## - SUBJECT ADDED ENTRY--TOPICAL TERM
Topical term or geographic name entry element SOUTHWARK LBC
690 ## - LOCAL SUBJECT ADDED ENTRY--TOPICAL TERM (OCLC, RLIN)
Topical term or geographic name as entry element LOCAL GOVERNMENT
942 ## - ADDED ENTRY ELEMENTS (KOHA)
Suppress in OPAC 0
Holdings
Withdrawn status Lost status Source of classification or shelving scheme Damaged status Not for loan Home library Current library Shelving location Date acquired Total Checkouts Full call number Barcode Date last seen Copy number Price effective from Koha item type
    Dewey Decimal Classification     London London Journal article 10/09/2002   ABS65863 119654-1001 06/08/2019 1 06/08/2019 Journal article